Countries with the Highest Elevation Cities - Statistics

General Stats
  • This quiz has been taken 142 times
  • The average score is 8 of 10
Answer Stats
Country Settlements % Correct
China 9
97%
Peru 7
93%
India 16
91%
Nepal 1
91%
Bolivia 5
89%
Chile 1
88%
Bhutan 1
78%
Argentina 8
76%
Pakistan 1
76%
Kyrgyzstan 1
27%
No matching quizzes found
Score Distribution
Percent of People with Each Score
Percentile by Number Answered
Your Score History
You have not taken this quiz